Pobočky sú stále dôležité

Koronavírus posilnil trend digitálneho bankovníctva, po skončení obmedzení sa však bankoví klienti vracajú na pobočky po odborné rady. Vzrastá aj počet aktivácií mobilného Smart Bankingu.

Guardado en:
Detalles Bibliográficos
Formato: Capítulo de libro
Lenguaje:eslovaco
Materias:
Etiquetas: Agregar Etiqueta
Sin Etiquetas, Sea el primero en etiquetar este registro!

MARC

LEADER 00000naa a2200000 4500
001 0268251
005 20200908104652.8
041 0 |a slo 
044 |a SK 
245 1 0 |a Pobočky sú stále dôležité 
520 |a Koronavírus posilnil trend digitálneho bankovníctva, po skončení obmedzení sa však bankoví klienti vracajú na pobočky po odborné rady. Vzrastá aj počet aktivácií mobilného Smart Bankingu. 
610 2 0 |a bankovníctvo elektronické 
610 2 0 |a internet 
610 2 0 |a technológie nové 
610 2 0 |a klienti 
610 2 0 |a telefón mobilný